| 000 | 01108nam a22002777a 4500 | ||
|---|---|---|---|
| 999 |
_c20089 _d20089 |
||
| 005 | 20180803170443.0 | ||
| 008 | 180207b2017 ck |||||r|||| 00| 0 spa d | ||
| 020 | _a9786023870615 | ||
| 040 |
_aCO-BoIAVH _cCO-BoIAVH |
||
| 041 | _aspa | ||
| 044 | _ack | ||
| 082 | 1 | 4 |
_a346.04675 _bM97r |
| 100 | 1 |
_aMurcia, Carolina _eautora |
|
| 245 | 1 | 3 |
_aLa restauración ecológica en el marco de las compensaciones por pérdida de biodiversidad en Colombia: _bun análisis crítico |
| 260 |
_aBogor (Indonesia): _bCentro para la Investigación Forestal Internacional CIFOR, _c2017. |
||
| 300 | _a55 páginas | ||
| 490 |
_aDocumentos Ocasionales, _v176 |
||
| 590 | _aEn primera página firma original de tres autores, recibida al momento del lanzamiento del libro. | ||
| 650 | 0 |
_aPérdida de biodiversidad _zColombia |
|
| 650 | 0 |
_aCompensaciones ambientales _zColombia |
|
| 650 | 0 | _aRestauración ecológica | |
| 700 | 1 |
_aGuariguata, Manuel R. _eautor |
|
| 700 | 1 |
_aQuintero-Vallejo, Estela _eautora |
|
| 700 | 1 |
_aRamírez, Wilson _eautor |
|
| 942 |
_2ddc _cLIBRO |
||